Paises tocando el Caribe - Estadísticas

Estadísticas generales
  • Esta prueba ha sido intentada 39 veces
  • La puntuación promedio es 23 de 25
Estadísticas de respuestas
País % Correcto
Haití
100%
México
100%
Bahamas
97%
Belice
97%
Cuba
97%
Jamaica
97%
Trinidad y Tobago
97%
Venezuela
97%
Barbados
94%
Colombia
94%
Costa Rica
94%
Honduras
94%
Panamá
94%
República Dominicana
94%
Dominica
92%
Estados Unidos
92%
Granada
92%
Nicaragua
92%
Santa Lucía
92%
Antigua y Barbuda
89%
Guatemala
89%
Guyana
89%
San Cristóbal y Nieves
86%
San Vicente y las Granadinas
83%
Surinam
81%
No se encontraron pruebas coincidentes
Distribución de puntuación
Porcentaje de gente con cada puntuación
Porcentaje por número respondido
Historial de tus puntuaciones
No has intentado esta prueba.